|
|
|
|
| LEADER |
00000cam a22000004a 4500 |
| 001 |
musev2_13611 |
| 003 |
MdBmJHUP |
| 005 |
20230905041511.0 |
| 006 |
m o d |
| 007 |
cr||||||||nn|n |
| 008 |
870320s1988 pau o 00 0 eng d |
| 010 |
|
|
|z 87005997
|
| 020 |
|
|
|a 9780812205701
|
| 020 |
|
|
|z 9780812212570
|
| 035 |
|
|
|a (OCoLC)297380334
|
| 040 |
|
|
|a MdBmJHUP
|c MdBmJHUP
|
| 050 |
1 |
4 |
|a PN88
|b .M5 1988b
|
| 082 |
0 |
|
|a 801/.95/0902
|2 19
|
| 100 |
1 |
|
|a Minnis, A. J.
|q (Alastair J.)
|
| 245 |
1 |
0 |
|a Medieval Theory of Authorship :
|b Scholastic Literary Attitudes in the Later Middle Ages /
|c A.J. Minnis.
|
| 250 |
|
|
|a 2nd ed.
|
| 264 |
|
1 |
|a Philadelphia :
|b University of Pennsylvania Press,
|c 1988.
|
| 264 |
|
3 |
|a Baltimore, Md. :
|b Project MUSE,
|c 2013
|
| 264 |
|
4 |
|c ©1988.
|
| 300 |
|
|
|a 1 online resource (368 pages):
|b ill. ;
|
| 336 |
|
|
|a text
|b txt
|2 rdacontent
|
| 337 |
|
|
|a computer
|b c
|2 rdamedia
|
| 338 |
|
|
|a online resource
|b cr
|2 rdacarrier
|
| 500 |
|
|
|a Includes indexes.
|
| 504 |
|
|
|a Bibliography: p. [282]-311.
|
| 588 |
|
|
|a Description based on print version record.
|
| 650 |
|
0 |
|a Scholasticism.
|
| 650 |
|
0 |
|a Criticism
|x History.
|
| 650 |
|
0 |
|a Philosophy, Medieval.
|
| 650 |
|
0 |
|a Authorship
|x Philosophy.
|
| 650 |
|
0 |
|a Literature
|x Philosophy.
|
| 650 |
|
0 |
|a Literature, Medieval
|x History and criticism
|x Theory, etc.
|
| 655 |
|
7 |
|a Electronic books.
|2 local
|
| 710 |
2 |
|
|a Project Muse.
|e distributor
|
| 830 |
|
0 |
|a Book collections on Project MUSE.
|
| 856 |
4 |
0 |
|z Texto completo
|u https://projectmuse.uam.elogim.com/book/13611/
|
| 945 |
|
|
|a Project MUSE - Custom Collection
|
| 945 |
|
|
|a Project MUSE - Archive Complete Supplement
|
| 945 |
|
|
|a Project MUSE - Archive Literature Supplement
|